|
|
|
|
| LEADER |
00000nam0a2200000 4500 |
| 001 |
678194 |
| 005 |
20250116165221.0 |
| 035 |
|
|
|a (RuTPU)RU\TPU\book\102632
|
| 090 |
|
|
|a 678194
|
| 100 |
|
|
|a 20250116d1979 m||y0rusy5003 ca
|
| 101 |
0 |
|
|a rus
|
| 102 |
|
|
|a RU
|
| 105 |
|
|
|a a j 000yy
|
| 181 |
|
0 |
|a i
|b e
|
| 182 |
|
0 |
|a n
|
| 183 |
|
0 |
|a nc
|2 RDAcarrier
|
| 200 |
1 |
|
|a Технология и оборудование лесохимических производств
|e учебник
|f Л. В. Гордон, В. В. Фефилов, С. О. Осипович [и др.]
|
| 203 |
|
|
|a Текст
|b визуальный
|c непосредственный
|
| 205 |
|
|
|a 4-е изд., перераб.
|
| 210 |
|
|
|a Москва
|c Лесная промышленность
|d 1979
|
| 215 |
|
|
|a 288 с.
|c ил.
|
| 283 |
|
|
|a volume
|2 RDAcarrier
|
| 606 |
1 |
|
|a Лесохимические предприятия
|9 59920
|
| 610 |
1 |
|
|a лесохимические производства
|
| 610 |
1 |
|
|a технология
|
| 610 |
1 |
|
|a оборудование
|
| 610 |
1 |
|
|a древесина
|
| 610 |
1 |
|
|a физические свойства
|
| 610 |
1 |
|
|a химические свойства
|
| 610 |
1 |
|
|a сухая перегонка
|
| 610 |
1 |
|
|a пиролизное производство
|
| 610 |
1 |
|
|a ацетатные растворители
|
| 610 |
1 |
|
|a уксуснокислотное производство
|
| 610 |
1 |
|
|a древесноспиртовое производство
|
| 610 |
1 |
|
|a сырье
|
| 610 |
1 |
|
|a древесные смолы
|
| 610 |
1 |
|
|a канифольно-терпентинное производство
|
| 610 |
1 |
|
|a талловые продукты
|
| 610 |
1 |
|
|a канифоль
|
| 610 |
1 |
|
|a скипидар
|
| 610 |
1 |
|
|a переработка
|
| 610 |
1 |
|
|a учебники
|
| 675 |
|
|
|a 630.8(075)
|v 4
|
| 701 |
|
1 |
|a Гордон
|b Л. В.
|g Лев Владимирович
|
| 701 |
|
1 |
|a Фефилов
|b В. В.
|g Владислав Васильевич
|
| 701 |
|
1 |
|a Скворцов
|b С. О.
|g Семен Осипович
|
| 701 |
|
1 |
|a Лисов
|b В. И.
|g Владимир Иванович
|
| 801 |
|
0 |
|a RU
|b 63413507
|c 20250116
|2 psbo
|
| 830 |
|
|
|a Ретро2025Каталогизация Кузнецова
|
| 942 |
|
|
|c BK
|